000 00346nam a2200133Ia 4500
008 220204s9999 xx 000 0 und d
082 _a575.857
_bMUR
100 _aBOND, James A
245 0 _aExperience with populations.
260 _aLondon
_bAddison Wesley
_c1971
650 _aPopulation genetics
700 _aMURRAY, Darrel L
942 _cBK
999 _c33406
_d33406